000 01043nam a22001697a 4500
005 20241204092245.0
008 230718b ||||| |||| 00| 0 eng d
040 _cSSBUL
082 _a၃၀၂.၂၃ နိုင်
_223
_b၁၆၀၇၆ S-SAT
245 0 0 _aနိုင်ငံတော်ငြိမ်ဝပ်ပိပြားမှုတည်ဆောက်ရေးအဖွဲ့ သတင်းထုတ်ပြန်ရေးအဖွဲ့၏ သတင်းစာရှင်းလင်းပွဲများမှတ်တမ်း /
260 _aရန်ကုန် ၊
_bကြေးမုံသတင်းစာတိုက်၊
_c၁၉၉၁။
300 _a၃၇၈ စာမျက်နှာ၊
_bဓာတ်ပုံများ၊
_c၁၈ စင်တီ။
500 _aS-SAT: Dr. Sai Aung Tun Collection
650 _aသတင်းစာရှင်းလင်းပွဲ။
_927768
651 _aမြန်မာနိုင်ငံ
_vတပ်မတော်။
_927769
942 _2ddc
_cBK1
999 _c27319
_d27319